000 00500nam a2200169Ia 4500
008 090711s9999 xx 000 0 und d
082 _b52850
100 _aअदवंत म. ना.
245 _aकथा कौमुदी
260 _bवैभव प्रकाशन
_c1970
300 _a203
600 _aअदवंत म. ना.
630 _aकथा कौमुदी
700 _aअदवंत म. ना.
730 _aकथा कौमुदी
942 _cBOOK
999 _c330680
_d330680